All Marvel Actors Quiz - Statistics

General Stats
  • This quiz has been taken 76 times
  • The average score is 36 of 242
Answer Stats
Movie Years Last Appearance Actor/Actress % Correct
X-Men 2000-2020, 2022-Present Wolverine V.S. Hulk Hugh Jackman
89%
Iron Man 2008-2019, 2021, -Present Iron Man 4 Robert Downey Jr.
77%
2005-2007, 2011-2022, -Present Captain America 4 Chris Evans
76%
Thor 2011-2022 Thor: Love and Thunder Chris Hemsworth
71%
2016-Present Spider-Man Into the Spider- Verse 2 Tom Holland
70%
Iron Man 2 2010-2021 Black Widow Scarlett Johansson
67%
2000-2017 Logan Sir Patrick Stewart
62%
Guardians of the Galaxy 2014-2023 Guardians of the Galaxy Vol. 3 Chris Pratt
61%
Blade 1998-2004 Blade: The Series Wesley Snipes
58%
The Amazing Spider-Man 2012-2014, 2021-2022 Spider-Man Into the Spider-Verse 2 Andrew Garfield
55%
Doctor Strange 2016-Present Doctor Strange in the Multiverse of Madness Benedict Cumberbatch
52%
2000-2014 X-Men: Days of Future Past Halle Berry
52%
Blade: Trinity 2004, 2009, 2016-Present Deadpool 3 Ryan Reynolds
52%
2011-Present Hawkeye Jeremy Renner
50%
Ant-Man 2015-2023 Ant-Man and the Wasp: Quantumania Paul Rudd
50%
2008-2023 Secret Invasion Samuel L. Jackson
50%
2011-Present Loki Tom Hiddleston
50%
2014-2023 Guardians of the Galaxy Vol. 3 Zoe Saldana
47%
2014-2023 Guardians of the Galaxy Vol. 3 Bradley Cooper
45%
2014-Present Doctor Strange in the Multiverse of Madness Elizabeth Olsen
45%
Captain America: Civil War 2016-2019 Avengers: Endgame Chadwick Boseman
44%
2000-2014 X-Men: Days of Future Past Sir Ian McKellen
44%
2008-2019 Avengers: Endgame Gwyneth Paltrow
41%
2011-2013, 2019-2022 Thor: Love and Thunder Natalie Portman
41%
2014-Present I Am Groot Vin Diesel
41%
2017-2021 Spider-Man: No Way Home Zendaya
41%
2011-2019 X-Men: Dark Phoenix Jennifer Lawrence
39%
2019 Captain Marvel Jude Law
39%
2014-2021 Loki Josh Brolin
38%
2011-Present Captain America and the Winter Soldier Sebastian Stan
38%
2014-Present Captain America and the Winter Soldier Anthony Mackie
36%
The Incredible Hulk 2008 The Incredible Hulk Edward Norton
36%
Daredevil 2003, 2022 Doctor Strange in the Multiverse of Madness Ben Affleck
35%
Captain Marvel 2019-Present The Marvels Brie Larson
35%
2010-Present Armor Wars Don Cheadle
35%
2005-2007 Fantastic Four: Rise of the Silver Surfer Jessica Alba
32%
2014-2023 Guardians of the Galaxy Vol. 3 Dave Bautista
30%
2015-2023 Ant-Man and the Wasp: Quantumania Michael Douglas
30%
2008-Present Doctor Strange in the Multiverse of Madness Paul Bettany
30%
2000-2019 Avengers: Endgame Stan Lee
30%
Fantastic Four 2015, 2018-Present Black Panther: Wakanda Forever Michael B. Jordan
29%
Ghostrider: Spirit of Vengeance 2011-2018 Avengers: Infinity War Idris Elba
27%
2003-2005 Elektra Jennifer Garner
27%
2011-2019 X-Men: Dark Phoenix Michael Fassbender
27%
2002-2007 Spider-Man 3 Willem Dafoe
27%
2011-2021 Thor: Ragnarok Anthony Hopkins
26%
2011-2019 X-Men: Dark Phoenix James MacAvoy
26%
2002-2007, 2021 Spider-Man: No Way Home Kirsten Dunst
26%
Venom 2018-Present Spider-Man: No Way Home Tom Hardy
26%
The Eternals 2021 The Eternals Angelina Jolie
24%
2017 Guardians of the Galaxy Vol. 2 Kurt Russell
24%
Loki 2021 Loki Owen Wilson
24%
2008-2021 Spider-Man: No Way Home Jon Favreau
23%
2015-2018 Ant-Man and the Wasp T.I.
23%
2013-2014 All Hail the King Ben Kingsley
21%
2017 Thor: Ragnarok Cate Blanchett
21%
2008-2021 Loki Clark Gregg
21%
2016-2021 Spider-Man: No Way Home Marisa Tomei
21%
2010 Iron Man 2 Mickey Rourke
21%
2011-2014 Captain America: The Winter Soldier Tommy Lee Jones
21%
2014-2015 Avengers: Age of Ultron Aaron Taylor-Johnson
20%
2000-2014 X-Men: Days of Future Past Anna Paquin
20%
2016-2022 Doctor Strange in the Multiverse of Madness Benedict Wong
20%
2012-2019 Spider-Man: Far From Home Cobie Smulders
20%
2012-2014, 2021 Spider-Man: No Way Home Emma Stone
20%
Hulk 2003 Hulk Eric Bana
20%
Captain America: The First Avenger 2011-Present Captain America 4 Hayley Atwell
20%
2019-2021 Spider-Man: No Way Home Jake Gyllenhaal
20%
2000-2014 X-Men: Days of Future Past James Marsden
20%
2015 Avengers: Age of Ultron James Spader
20%
2014-2023 Guardians of the Galaxy Vol. 3 Karen Gillan
20%
2008, 2016-Present The Thunderbolts William Hurt
20%
Spider-Man 2 2004-2007, 2021 Spider-Man: No Way Home Alfred Molina
18%
2017-2018 Team Darryl Jeff Goldblum
18%
2011-2019 Spider-Man: Far From Home Stellan Skarsgard
18%
2016-2019 Avengers: Endgame Tilda Swinton
18%
Black Widow 2021-2022 Hawkeye Florence Pugh
17%
2002-2007, 2019-2021 Spider-Man: No Way Home J.K. Simmons
17%
2008 The Incredible Hulk Liv Tyler
17%
Ghostrider 2007-2011, 2018-2022 Spider-Man Into the Spider Verse 2 Nicholas Cage
17%
Spider-Man 2002-2007, 2021-2022 Spider-Man Into the Spider-Verse Tobey McGuire
17%
2015-2018 Black Panther Andy Serkis
15%
2002-2007 Spider-Man 3 James Franco
15%
Morbius 2021 Morbius Jared Leto
15%
2008, 2019 Spider-Man: Far From Home Jeff Bridges
15%
2011-2013, 2021 WandaVision Kat Dennings
15%
Guardians of the Galaxy Vol. 2 2017-2023 Guardians of the Galaxy Vol. 3 Pom Klementieff
15%
2011-2013, 2019-2021 Loki Rene Russo
15%
2016-2019 X-Men: Dark Phoenix Sophie Turner
15%
2017-2022 Thor: Love and Thunder Taika Waititi
15%
2017-2022 Thor: Love and Thunder Tessa Thompson
15%
2014 Guardians of the Galaxy Glenn Close
14%
Fantastic Four: Rise of the Silver Surfer 2007, 2018 Ant-Man and the Wasp Laurence Fishburne
14%
X-Men: Apocalypse 2016, 2018-2022, -Present Moon Knight Oscar Isaac
14%
2014-2019 Avengers: Endgame Robert Redford
14%
2010 All Hail the King Sam Rockwell
14%
2014-Present Guardians of the Galaxy Vol. 4 Sean Gunn
14%
2017 Guardians of the Galaxy Vol. 2 Sylvester Stallone
14%
2008 Iron Man Terrence Howard
14%
2013-2018 Avengers: Infinity War Benicio Del Toro
12%
Thor: Love and Thunder 2022 Thor: Love and Thunder Christian Bale
12%
2014-Present Captain America and the Winter Soldier Emily Van Camp
12%
2011-2014 Captain America: The Winter Soldier Hugo Weaving
12%
Spider-Man: Homecoming 2017-2021 Spider-Man: No Way Home Jacob Batalon
12%
X-Men: First Class 2011, 2023 Guardians of the Galaxy Vol. 3 Kevin Bacon
12%
2018-Present Black Panther: Wakanda Forever Letitia Wright
12%
2017-2021 Morbius Michael Keaton
12%
2021 The Eternals Salma Hayek
12%
2008, 2022 She-Hulk Tim Roth
12%
Black Panther 2018-2019 Avengers: Endgame Angela Bassett
11%
Shang-Chi and the Legend of the Ten Rings 2021 Shang-Chi and the Legend of the Ten Rings Awkwafina
11%
Spider-Man: No Way Home 2015-2018, 2021 Spider-Man: No Way Home Charlie Cox
11%
2011-2016 Agent Carter Dominic Cooper
11%
2014 Guardians of the Galaxy John C. Reilly
11%
2017-2022 Thor: Love and Thunder Matt Damon
11%
2014, 2018 Avengers: Infinity War Peter Dinklage
11%
2016-2022 Doctor Strange in the Multiverse of Madness Rachel McAdams
11%
2013 Iron Man 3 Guy Pierce
9%
2014-2019 Captain Marvel Lee Pace
9%
2015-2018 Ant-Man and the Wasp Michael Pena
9%
2014-2017 Guardians of the Galaxy Vol. 2 Michael Rooker
9%
2011-2019 X-Men: Dark Phoenix Nicholas Hoult
9%
2007 Spider-Man 3 Thomas Haden Church
9%
2011-2014 Captain America: The Winter Soldier Toby Jones
9%
2013-2017 Thor: Ragnarok Zachary Levi
9%
2003 X-2: X-Men United Alan Cumming
8%
Captain America: The Winter Soldier 2014-2019 Avengers: Endgame Frank Grillo
8%
2018-2022 Spider-Man Into the Spider-Verse 2 Hailee Steinfeld
8%
2017 Guardians of the Galaxy Vol. 2 Michelle Yeoh
8%
2012-2014 The Amazing Spider-Man 2 Sally Field
8%
Spider-Man 3 2007 Spider-Man 3 Topher Grace
8%
2018-2021 Venom 2: Let There Be Carnage Woody Harrelson
8%
2014-2019 Captain Marvel Djimon Hounsou
6%
2017 Spider-Man: Homecoming Donald Glover
6%
2018 Black Panther Forest Whitaker
6%
2011-2013, 2022 Thor: Love and Thunder Jaimie Alexander
6%
2010-2019 Avengers: Endgame John Slattery
6%
2018, 2021 WandaVision Kathryn Hahn
6%
X-Men: The Last Stand 2006-2014 X-Men: Days of Future Past Kelsey Grammar
6%
2005-2007 Fantastic Four: Rise of the Silver Surfer Michael Chiklis
6%
2000 X-Men Ray Park
6%
2000-2006 X-Men: The Last Stand Rebecca Romijn
6%
2021 The Eternals Richard Madden
6%
2014-2017 Guardians of the Galaxy Vol. 2 Seth Green
6%
2000-2014 X-Men: Days of Future Past Shawn Ashmore
6%
2021 Black Widow David Harbour
5%
2021 The Eternals Gemma Chan
5%
The Amazing Spider-Man 2 2014, 2021 Spider-Man: No Way Home Jaime Foxx
5%
Ant-Man and the Wasp: Quantumania 2023 Ant-Man and the Wasp: Quantumania Jonathan Majors
5%
Thor: Ragnarok 2017 Thor: Ragnarok Karl Urban
5%
2008-2010, 2015-2016 WHIH Newsfront with Christine Everhart Leslie Bibb
5%
2003 Spider-Man: The Animated Series Michael Clarke Duncan
5%
Ant-Man and the Wasp 2018-2021 WandaVision Randall Park
5%
Punisher: War Zone 2008, 2011-2017 Thor: Ragnarok Ray Stevenson
5%
2019-2023 Secret Invasion Ben Mendelsohn
3%
Logan 2017 Logan Daphne Keene
3%
2015-2018 Ant-Man and the Wasp David Dastmalchian
3%
2002-2007 Spider-Man 3 Elizabeth Banks
3%
2017-2023 Guardians of the Galaxy Vol. 3 Elizabeth Debicki
3%
Deadpool 2016 Deadpool Gina Carano
3%
Fantastic Four 2005-2007 Fantastic Four: Rise of the Silver Surfer Ioan Grufudd
3%
2011 Thor Josh Dallas
3%
2021-Present Captain America and the Winter Soldier Julia Louis-Dreyfus
3%
2011-2014, 2019 Avengers: Endgame Maximiliano Hernandez
3%
2018-2021 Venom 2: Let There Be Carnage Michelle Williams
3%
2010, 2016 X-Men: Apocalypse Olivia Munn
3%
2011-2019 X-Men: Dark Phoenix Rose Byrne
3%
Spider-Man Into the Spider-Verse 2018-2022 Spider-Man Into the Spider-Verse 2 Shameik Moore
3%
2008 The Incredible Hulk Tim Blake Nelson
3%
2016-2019 X-Men: Dark Phoenix Tye Sheridan
3%
2021-Present Captain America and the Winter Soldier Wyatt Russell
3%
2016-2019 X-Men: Dark Phoenix Alexandra Shipp
2%
2017-2021 Spider-Man: No Way Home Angourie Rice
2%
2019 Captain Marvel Annette Bening
2%
2016 Doctor Strange Benjamin Bratt
2%
2015-2018 Ant-Man and the Wasp Bobby Cannavale
2%
X-2: X-Men United 2003 X-2: X-Men United Brian Cox
2%
Avengers: Infinity War 2018-2019 Avengers: Endgame Carrie Coon
2%
Avengers: Age of Ultron 2015 Avengers: Age of Ultron Claudia Kim
2%
2015 Ant-Man Corey Stoll
2%
2015-2023 Ant-Man and the Wasp: Quantumania Evangelina Lilly
2%
2000-2014 X-Men: Days of Future Past Famke Janessen
2%
2014, 2021 Captain America and the Winter Soldier Georges St. Pierre
2%
2021 Loki Gugu Mbatha-Raw
2%
Avengers: Endgame 2015-2019 Avengers: Endgame James D'Arcy
2%
2017 Guardians of the Galaxy Vol. 2 James Gunn
2%
What If...? 2021 What If...? Jeffrey Wright
2%
2002 Spider-Man Joe Mangiallo
2%
2008 Punisher: War Zone John Travolta
2%
2015-2018 Ant-Man and the Wasp Judy Greer
2%
2010, 2015 Fantastic Four Kate Mara
2%
2005-2007 Fantastic Four: Rise of the Silver Surfer Kerry Washington
2%
X-Men Origins: Wolverine 2009, 2018 Spider-Man Into the Spider Verse Liev Schrieber
2%
2017-2022 Thor: Love and Thunder Luke Hemsworth
2%
2021 Loki Richard E. Grant
2%
2002-2007 Spider-Man 3 Rosemary Harris
2%
2017-2022 Thor: Love and Thunder Sam Neill
2%
Big Hero Six 2014, 2016-2018 Once Upon a Deadpool T.J. Miller
2%
2008 The Incredible Hulk Ty Burrell
2%
2013, 2019 Avengers: Endgame Ty Simpkins
2%
2017 Guardians of the Galaxy Vol. 2 Ving Rhames
2%
2018 Ant-Man and the Wasp Walton Goggins
2%
2015-2018 Ant-Man and the Wasp Abby Ryder-Fortson
0%
The Avengers 2012-2014 Guardians of the Galaxy Alexis Denisof
0%
2021 The Eternals Brian Tyree Henry
0%
2016-2022 Doctor Strange in the Multiverse of Madness Chiewetel Ejiofor
0%
2017 Guardians of the Galaxy Vol. 2 Chris Sullivan
0%
2011 Thor Colm Feore
0%
2018-Present Black Panther: Wakanda Forever Danai Gurai
0%
2018-2019 Avengers: Endgame Daniel Kaaluya
0%
2021 WandaVision David Lengel
0%
WandaVision 2021 WandaVision Debra Jo Rupp
0%
Captain America and the Winter Soldier 2021 Captain America and the Winter Soldier Erin Kellyman
0%
2016-Present Captain America and the Winter Soldier Florence Kashumba
0%
2008 Iron Man Gerard Sanders
0%
2010-2014 Captain America: The Winter Soldier Gerry Shandling
0%
2018 Ant-Man and the Wasp Hannah John-Kamen
0%
2014-2015 Agents of S.H.I.E.L.D. Henry Goodman
0%
2018 Spider-Man Into the Spider-Verse Jake Johnson
0%
Spider-Man: Far From Home 2019-2021 Spider-Man: No Way Home J.B. Smoove
0%
2016-2018 Black Panther John Kani
0%
2016-2019 X-Men: Dark Phoenix Kodi Smit-McPhee
0%
2011-2017 Guardians of the Galaxy Vol. 2 Laura Haddock
0%
2016 Doctor Strange Mads Mikkelson
0%
2012-2014 The Amazing Spider-Man 2 Martin Sheen
0%
2008, 2017-2021 Spider-Man: No Way Home Martin Starr
0%
2010 Iron Man 2 Max Favreau
0%
2022 Thor: Love and Thunder Melissa McCarthy
0%
2017 Guardians of the Galaxy Vol. 2 Michael Rosenbaum
0%
2018-2019 Avengers: Endgame Michael Shaw
0%
2018-2023 Ant-Man and the Wasp: Quantumania Michelle Pieffer
0%
2011-2016 Agent Carter Neal McDonaugh
0%
2008, 2019 Spider-Man: Far From Home Peter Billingsley
0%
Iron Man 3 2013 Iron Man 3 Rebecca Hall
0%
2008-2013 Iron Man 3 Shaun Toub
0%
X-Men: Days of Future Past 2014-2018 Once Upon a Deadpool Stephen Kapricic
0%
2018 Black Panther Sterling K. Brown
0%
2018-2019 Avengers: Endgame Terry Notary
0%
Thor: The Dark World 2013 Thor: The Dark World Thomas Ecceleston
0%
2018-2019 Avengers: Endgame Tom Vaughn-Lawlor
0%
2017-2021 Spider-Man: No Way Home Tony Revolori
0%
2018-2019 Avengers: Endgame Winton Duke
0%
No matching quizzes found
Score Distribution
Percent of People with Each Score
Percentile by Number Answered
Your Score History
You have not taken this quiz